Survey of the Social situation in the Ecafe Region 1972/73 (Record no. 1449599)

MARC details
000 -LEADER
fixed length control field 00529nam a2200169Ia 4500
005 - DATE AND TIME OF LATEST TRANSACTION
control field 20250923145308.0
008 - FIXED-LENGTH DATA ELEMENTS--GENERAL INFORMATION
fixed length control field 008 250917s9999 xx 000 0 eng d
037 ## - SOURCE OF ACQUISITION
Stock number Textual
040 ## - CATALOGING SOURCE
Original cataloging agency DSWL
Language of cataloging eng
Transcribing agency DSWL
041 ## - LANGUAGE CODE
Language code of text/sound track or separate title eng
Source of code eng
084 ## - COLON CLASSIFICATION NUMBER
Classification number Y3:7:7.4'N72, N74
Assigning agency DSWL
245 #0 - TITLE STATEMENT
Title Survey of the Social situation in the Ecafe Region 1972/73
Statement of responsibility, etc. by United Nations
260 ## - PUBLICATION, DISTRIBUTION, ETC.
Place of publication, distribution, etc. Colombo
Name of publisher, distributor, etc. Sri Lanka ECAFE
Date of publication, distribution, etc. 1974
300 ## - PHYSICAL DESCRIPTION
Extent ii,53 p.
942 ## - ADDED ENTRY ELEMENTS (KOHA)
Koha item type Textual
Classification part Y3:7:7.4'N72, N74
Holdings
Withdrawn status Lost status Damaged status Not for loan Home library Current library Date acquired Source of acquisition Inventory number Total Checkouts Full call number Barcode Date last seen Price effective from Koha item type
        Department of Social Work Library Department of Social Work Library 2025-09-23 Through Ecafe Bangkok Thailand Gift   Y3:7:7.4'N72, N74 SW0016803 2025-09-23 2025-09-23 Textual
Copyright @ Delhi University Library System